[Event "World Chess Olympiad 2018"]
[Site "Batumi"]
[Date "2018.09.27"]
[Round "4"]
[Board "4"]
[WhiteFideId "4122356"]
[White "Jakovenko Dmitry"]
[BlackFideId "1134167"]
[Black "Dragun Kamil"]
[Result "0-1"]
[LiveChessVersion "1.4.8"]
[BlackElo "2568"]
[WhiteElo "2747"]

1. e4 {[%clk 1:30:57]} c6 {[%clk 1:30:55]} 2. d4 {[%clk 1:31:20]} d5
{[%clk 1:31:19]} 3. e5 {[%clk 1:31:48]} c5 {[%clk 1:31:40]} 4. dxc5
{[%clk 1:32:09]} e6 {[%clk 1:32:02]} 5. Nf3 {[%clk 1:31:22]} Bxc5
{[%clk 1:31:50]} 6. a3 {[%clk 1:31:47]} Ne7 {[%clk 1:31:44]} 7. Bd3
{[%clk 1:31:51]} Ng6 {[%clk 1:31:16]} 8. O-O {[%clk 1:32:13]} O-O
{[%clk 1:21:19]} 9. Re1 {[%clk 1:23:19]} Nd7 {[%clk 1:14:41]} 10. c3
{[%clk 1:15:19]} a5 {[%clk 1:04:31]} 11. Qc2 {[%clk 1:05:00]} b6 {[%clk 0:58:39]}
12. h4 {[%clk 0:58:38]} Nxh4 {[%clk 0:39:59]} 13. Bxh7+ {[%clk 0:58:23]} Kh8
{[%clk 0:40:28]} 14. Ng5 {[%clk 0:48:09]} g6 {[%clk 0:40:41]} 15. Qd1
{[%clk 0:36:47]} Nxe5 {[%clk 0:29:45]} 16. Rxe5 {[%clk 0:22:18]} Qf6
{[%clk 0:30:08]} 17. Qe1 {[%clk 0:22:25]} Kg7 {[%clk 0:24:32]} 18. b4
{[%clk 0:19:35]} axb4 {[%clk 0:24:30]} 19. Bb2 {[%clk 0:19:59]} bxa3
{[%clk 0:23:46]} 20. Nxa3 {[%clk 0:16:48]} Nf5 {[%clk 0:23:05]} 21. c4
{[%clk 0:13:16]} Bxa3 {[%clk 0:20:40]} 22. Bxa3 {[%clk 0:12:13]} Rxa3
{[%clk 0:19:55]} 23. Rxa3 {[%clk 0:12:39]} Qxg5 {[%clk 0:20:20]} 24. Bxg6
{[%clk 0:13:04]} fxg6 {[%clk 0:15:39]} 25. cxd5 {[%clk 0:13:27]} exd5
{[%clk 0:12:23]} 26. Rxd5 {[%clk 0:13:12]} Qf6 {[%clk 0:12:00]} 27. Rc3
{[%clk 0:10:33]} Be6 {[%clk 0:09:18]} 28. Rb5 {[%clk 0:07:35]} Bf7
{[%clk 0:08:40]} 29. Qe5 {[%clk 0:07:18]} Qxe5 {[%clk 0:07:37]} 30. Rxe5
{[%clk 0:07:45]} Re8 {[%clk 0:07:56]} 31. Rxe8 {[%clk 0:06:57]} Bxe8
{[%clk 0:08:25]} 32. Rc8 {[%clk 0:06:59]} Kf7 {[%clk 0:08:41]} 33. f4
{[%clk 0:07:11]} b5 {[%clk 0:08:21]} 34. Kf2 {[%clk 0:07:32]} Bd7
{[%clk 0:07:59]} 35. Rb8 {[%clk 0:07:34]} Ke7 {[%clk 0:08:28]} 36. Ke2
{[%clk 0:04:57]} Kd6 {[%clk 0:08:19]} 37. Kd3 {[%clk 0:04:05]} Kc5
{[%clk 0:08:09]} 38. Rd8 {[%clk 0:02:00]} Be6 {[%clk 0:06:00]} 39. g4
{[%clk 0:01:13]} Nd6 {[%clk 0:06:02]} 40. f5 {[%clk 0:30:46]} gxf5
{[%clk 0:36:26]} 41. gxf5 {[%clk 0:30:14]} Bxf5+ {[%clk 0:36:54]} 42. Kc3
{[%clk 0:30:33]} b4+ {[%clk 0:36:13]} 43. Kb2 {[%clk 0:30:24]} Be6
{[%clk 0:36:02]} 44. Rh8 {[%clk 0:28:53]} Nc4+ {[%clk 0:36:02]} 45. Kc2
{[%clk 0:28:50]} Nb6 {[%clk 0:35:06]} 46. Rb8 {[%clk 0:26:46]} Bd5
{[%clk 0:32:39]} 47. Kb2 {[%clk 0:20:18]} Na4+ {[%clk 0:31:19]} 48. Kc2
{[%clk 0:20:43]} Kc4 {[%clk 0:31:45]} 49. Rc8+ {[%clk 0:20:14]} Nc5
{[%clk 0:32:14]} 50. Kb2 {[%clk 0:20:27]} Be6 {[%clk 0:31:57]} 51. Rc7
{[%clk 0:17:05]} Kd4 {[%clk 0:32:09]} 52. Kc2 {[%clk 0:17:12]} Bb3+
{[%clk 0:30:28]} 53. Kb2 {[%clk 0:16:57]} Bd5 {[%clk 0:30:52]} 54. Ra7
{[%clk 0:12:41]} Nd3+ {[%clk 0:30:19]} 55. Kb1 {[%clk 0:13:07]} Kc3
{[%clk 0:30:19]} 56. Rc7+ {[%clk 0:13:26]} Bc4 {[%clk 0:30:38]} 57. Rc8
{[%clk 0:13:18]} b3 {[%clk 0:30:29]} 58. Rc7 {[%clk 0:13:40]} Ne5
{[%clk 0:29:29]} 59. Rc8 {[%clk 0:13:49]} Nf3 {[%clk 0:28:43]} 60. Rb8
{[%clk 0:14:14]} Nd4 {[%clk 0:28:14]} 61. Rxb3+ {[%clk 0:13:27]} Bxb3
{[%clk 0:28:16]} 62. Ka1 {[%clk 0:13:52]} Nc2+ {[%clk 0:27:59]} 63. Kb1
{[%clk 0:14:20]} Bc4 {[%clk 0:28:21]} 64. Kc1 {[%clk 0:14:47]} Ba2
{[%clk 0:28:38]} 65. Kd1 {[%clk 0:15:14]} Nd4 {[%clk 0:29:01]} 66. Ke1
{[%clk 0:15:42]} Kd3 {[%clk 0:29:17]} 67. Kf2 {[%clk 0:16:09]} Ne2
{[%clk 0:29:35]} 68. Kf3 {[%clk 0:16:36]} Be6 {[%clk 0:29:53]} 0-1

[Event "World Chess Olympiad 2018"]
[Site "Batumi"]
[Date "2018.09.27"]
[Round "4"]
[Board "1"]
[WhiteFideId "703303"]
[White "Leko Peter"]
[BlackFideId "1202758"]
[Black "Nisipeanu Liviu-Dieter"]
[Result "1/2-1/2"]
[LiveChessVersion "1.4.8"]
[BlackElo "2661"]
[WhiteElo "2690"]

1. e4 {[%clk 1:30:57]} c6 {[%clk 1:30:52]} 2. d4 {[%clk 1:31:19]} d5
{[%clk 1:31:18]} 3. e5 {[%clk 1:31:43]} Bf5 {[%clk 1:31:44]} 4. Nd2
{[%clk 1:32:05]} e6 {[%clk 1:32:07]} 5. Nb3 {[%clk 1:32:29]} Nd7 {[%clk 1:32:12]}
6. Nf3 {[%clk 1:32:50]} c5 {[%clk 1:32:18]} 7. dxc5 {[%clk 1:32:55]} Bxc5
{[%clk 1:32:31]} 8. Nxc5 {[%clk 1:33:14]} Nxc5 {[%clk 1:32:54]} 9. Nd4
{[%clk 1:32:30]} Ne7 {[%clk 1:32:55]} 10. Be2 {[%clk 1:32:28]} Nd7
{[%clk 1:26:35]} 11. f4 {[%clk 1:31:50]} O-O {[%clk 1:25:17]} 12. Be3
{[%clk 1:27:52]} Be4 {[%clk 1:19:17]} 13. O-O {[%clk 1:27:56]} Nb8
{[%clk 1:17:28]} 14. c3 {[%clk 1:09:18]} Nbc6 {[%clk 1:17:31]} 15. Nb3
{[%clk 0:54:44]} b6 {[%clk 1:04:29]} 16. Bf2 {[%clk 0:49:06]} Qc7
{[%clk 0:52:13]} 17. Qd2 {[%clk 0:43:01]} Qb7 {[%clk 0:44:12]} 18. Rfe1
{[%clk 0:30:57]} f6 {[%clk 0:40:01]} 19. exf6 {[%clk 0:30:59]} Rxf6
{[%clk 0:40:26]} 20. Bd3 {[%clk 0:29:31]} Bxd3 {[%clk 0:38:49]} 21. Qxd3
{[%clk 0:29:58]} Raf8 {[%clk 0:37:21]} 22. Bd4 {[%clk 0:26:01]} Rxf4
{[%clk 0:21:46]} 23. Rxe6 {[%clk 0:24:45]} Nf5 {[%clk 0:22:12]} 24. Rae1
{[%clk 0:10:54]} Ncxd4 {[%clk 0:20:29]} 25. Nxd4 {[%clk 0:11:17]} Nxd4
{[%clk 0:20:37]} 26. cxd4 {[%clk 0:11:45]} Qf7 {[%clk 0:20:06]} 27. h3
{[%clk 0:10:44]} Rf2 {[%clk 0:17:41]} 28. R6e2 {[%clk 0:08:40]} Qf4
{[%clk 0:09:20]} 29. Rd1 {[%clk 0:07:06]} Rf1+ {[%clk 0:06:35]} 30. Rxf1
{[%clk 0:07:28]} Qxf1+ {[%clk 0:07:03]} 31. Kh2 {[%clk 0:07:51]} Qf4+
{[%clk 0:07:30]} 32. Kh1 {[%clk 0:02:24]} Rc8 {[%clk 0:03:44]} 33. Re1
{[%clk 0:02:49]} Rc1 {[%clk 0:03:23]} 34. Rd1 {[%clk 0:02:24]} Qe4
{[%clk 0:01:57]} 35. Qf1 {[%clk 0:02:41]} Rxd1 {[%clk 0:02:17]} 36. Qxd1
{[%clk 0:03:09]} h6 {[%clk 0:02:09]} 1/2-1/2

[Event "World Chess Olympiad 2018"]
[Site "Batumi"]
[Date "2018.09.27"]
[Round "4"]
[Board "2"]
[WhiteFideId "4675789"]
[White "Meier Georg"]
[BlackFideId "719978"]
[Black "Erdos Viktor"]
[Result "1/2-1/2"]
[LiveChessVersion "1.4.8"]
[BlackElo "2609"]
[WhiteElo "2639"]

1. d4 {[%clk 1:30:56]} Nf6 {[%clk 1:30:50]} 2. c4 {[%clk 1:31:19]} g6
{[%clk 1:31:14]} 3. Nc3 {[%clk 1:31:41]} d5 {[%clk 1:31:40]} 4. Bf4
{[%clk 1:32:00]} Bg7 {[%clk 1:31:01]} 5. e3 {[%clk 1:32:09]} O-O {[%clk 1:29:06]}
6. cxd5 {[%clk 1:32:23]} Nxd5 {[%clk 1:29:08]} 7. Nxd5 {[%clk 1:32:45]} Qxd5
{[%clk 1:29:34]} 8. Bxc7 {[%clk 1:33:05]} Na6 {[%clk 1:29:36]} 9. Bxa6
{[%clk 1:33:23]} Qxg2 {[%clk 1:28:18]} 10. Qf3 {[%clk 1:33:44]} Qxf3
{[%clk 1:28:44]} 11. Nxf3 {[%clk 1:34:09]} bxa6 {[%clk 1:29:09]} 12. Rc1
{[%clk 1:34:18]} f6 {[%clk 1:29:09]} 13. Rg1 {[%clk 1:34:23]} Rf7
{[%clk 1:29:24]} 14. b3 {[%clk 1:34:15]} Bf8 {[%clk 0:58:31]} 15. Nd2
{[%clk 1:31:41]} Bb7 {[%clk 0:41:26]} 16. Ke2 {[%clk 1:31:56]} Re8
{[%clk 0:38:59]} 17. Nc4 {[%clk 1:30:27]} e5 {[%clk 0:35:20]} 18. Bd6
{[%clk 1:30:51]} exd4 {[%clk 0:28:37]} 19. Bxf8 {[%clk 1:28:59]} Rexf8
{[%clk 0:27:28]} 20. Nd6 {[%clk 1:28:54]} d3+ {[%clk 0:27:46]} 21. Kd2
{[%clk 1:28:55]} Rd7 {[%clk 0:28:10]} 22. Nxb7 {[%clk 1:28:31]} Rxb7
{[%clk 0:28:36]} 23. Rg4 {[%clk 1:10:27]} Rb5 {[%clk 0:26:30]} 24. Rc6
{[%clk 1:08:34]} a5 {[%clk 0:21:14]} 25. Kxd3 {[%clk 1:04:43]} Rf7
{[%clk 0:10:16]} 26. Ra4 {[%clk 0:59:16]} Rh5 {[%clk 0:06:50]} 27. h4
{[%clk 0:59:25]} g5 {[%clk 0:06:00]} 28. hxg5 {[%clk 0:53:15]} fxg5
{[%clk 0:05:45]} 29. Rxa5 {[%clk 0:53:33]} Rxf2 {[%clk 0:06:03]} 30. Rxa7
{[%clk 0:53:19]} Rf7 {[%clk 0:03:48]} 31. Rxf7 {[%clk 0:40:09]} Kxf7
{[%clk 0:04:14]} 32. Ke4 {[%clk 0:40:30]} Rh2 {[%clk 0:03:33]} 33. Kf5
{[%clk 0:40:12]} Rxa2 {[%clk 0:03:21]} 34. Rc7+ {[%clk 0:40:31]} Ke8
{[%clk 0:03:41]} 35. e4 {[%clk 0:38:34]} h5 {[%clk 0:01:00]} 36. Kxg5
{[%clk 0:37:28]} Ra5+ {[%clk 0:01:26]} 37. Kf6 {[%clk 0:36:20]} Ra6+
{[%clk 0:01:45]} 38. Kf5 {[%clk 0:36:07]} Rb6 {[%clk 0:01:09]} 39. Rc3
{[%clk 0:33:29]} Ke7 {[%clk 0:01:00]} 40. e5 {[%clk 1:02:57]} h4 {[%clk 0:31:02]}
41. Rc7+ {[%clk 1:02:27]} Kf8 {[%clk 0:27:10]} 42. Rc3 {[%clk 1:00:31]} Ke7
{[%clk 0:27:14]} 43. Rh3 {[%clk 1:00:21]} Rb4 {[%clk 0:26:45]} 44. Rd3
{[%clk 1:00:41]} Rb8 {[%clk 0:24:45]} 45. Rh3 {[%clk 1:00:45]} Rb4
{[%clk 0:25:09]} 46. Rc3 {[%clk 1:01:09]} Rb6 {[%clk 0:25:18]} 47. Rc7+
{[%clk 1:01:24]} Kf8 {[%clk 0:25:32]} 48. Rh7 {[%clk 1:01:36]} Rxb3
{[%clk 0:25:46]} 49. Rxh4 {[%clk 1:01:22]} Rb6 {[%clk 0:26:04]} 50. Rh7
{[%clk 1:01:42]} 1/2-1/2

[Event "World Chess Olympiad 2018"]
[Site "Batumi"]
[Date "2018.09.27"]
[Round "4"]
[Board "3"]
[WhiteFideId "712779"]
[White "Gledura Benjamin"]
[BlackFideId "24651516"]
[Black "Bluebaum Matthias"]
[Result "1/2-1/2"]
[LiveChessVersion "1.4.8"]
[BlackElo "2618"]
[WhiteElo "2621"]

1. e4 {[%clk 1:30:55]} e6 {[%clk 1:30:45]} 2. d4 {[%clk 1:31:14]} d5
{[%clk 1:31:11]} 3. Nc3 {[%clk 1:31:38]} Nf6 {[%clk 1:31:37]} 4. e5
{[%clk 1:32:01]} Nfd7 {[%clk 1:32:02]} 5. f4 {[%clk 1:32:19]} c5 {[%clk 1:32:27]}
6. Nf3 {[%clk 1:32:41]} Nc6 {[%clk 1:32:20]} 7. Be3 {[%clk 1:32:49]} a6
{[%clk 1:32:18]} 8. Qd2 {[%clk 1:33:02]} b5 {[%clk 1:32:06]} 9. dxc5
{[%clk 1:32:58]} Bxc5 {[%clk 1:32:30]} 10. Bd3 {[%clk 1:32:47]} Qb6
{[%clk 1:32:40]} 11. Bf2 {[%clk 1:32:58]} h6 {[%clk 1:33:03]} 12. O-O
{[%clk 1:32:54]} Bb7 {[%clk 1:30:29]} 13. a3 {[%clk 1:26:23]} Bxf2+
{[%clk 1:30:47]} 14. Qxf2 {[%clk 1:25:43]} Qxf2+ {[%clk 1:30:47]} 15. Kxf2
{[%clk 1:25:48]} g5 {[%clk 1:30:19]} 16. g3 {[%clk 1:18:08]} Rg8 {[%clk 1:27:06]}
17. Ne2 {[%clk 1:12:28]} Ke7 {[%clk 1:27:15]} 18. Ke3 {[%clk 0:55:07]} f6
{[%clk 1:15:32]} 19. Ned4 {[%clk 0:51:34]} gxf4+ {[%clk 1:10:28]} 20. gxf4
{[%clk 0:51:42]} Ncxe5 {[%clk 0:57:29]} 21. fxe5 {[%clk 0:50:07]} fxe5
{[%clk 0:57:54]} 22. Nb3 {[%clk 0:46:44]} d4+ {[%clk 0:50:06]} 23. Nbxd4
{[%clk 0:45:25]} exd4+ {[%clk 0:50:07]} 24. Nxd4 {[%clk 0:45:40]} Nf6
{[%clk 0:43:25]} 25. Rae1 {[%clk 0:40:33]} Rg2 {[%clk 0:40:06]} 26. Re2
{[%clk 0:40:19]} Ng4+ {[%clk 0:27:01]} 27. Kd2 {[%clk 0:40:18]} Rxh2
{[%clk 0:17:42]} 28. Nxe6 {[%clk 0:37:06]} Rxe2+ {[%clk 0:15:54]} 29. Bxe2
{[%clk 0:37:29]} Kxe6 {[%clk 0:14:47]} 30. Bxg4+ {[%clk 0:37:52]} Ke7
{[%clk 0:15:03]} 31. Ke3 {[%clk 0:37:10]} Rg8 {[%clk 0:14:41]} 32. Rf4
{[%clk 0:37:09]} Rg5 {[%clk 0:13:45]} 33. c4 {[%clk 0:36:19]} bxc4
{[%clk 0:13:26]} 34. Rxc4 {[%clk 0:36:32]} Kd6 {[%clk 0:13:34]} 35. Rb4
{[%clk 0:35:32]} Rb5 {[%clk 0:12:09]} 36. Rxb5 {[%clk 0:35:16]} axb5
{[%clk 0:12:37]} 37. Kd4 {[%clk 0:35:30]} Bc6 {[%clk 0:12:54]} 38. b3
{[%clk 0:35:20]} Be8 {[%clk 0:13:00]} 39. a4 {[%clk 0:35:40]} bxa4
{[%clk 0:13:23]} 40. bxa4 {[%clk 1:06:06]} Bxa4 {[%clk 0:43:48]} 41. Ke4
{[%clk 1:06:04]} 1/2-1/2

[Event "World Chess Olympiad 2018"]
[Site "Batumi"]
[Date "2018.09.27"]
[Round "4"]
[Board "4"]
[WhiteFideId "11600454"]
[White "Fridman Daniel"]
[BlackFideId "702293"]
[Black "Almasi Zoltan"]
[Result "1-0"]
[LiveChessVersion "1.4.8"]
[BlackElo "2702"]
[WhiteElo "2591"]

1. d4 {[%clk 1:30:56]} Nf6 {[%clk 1:30:48]} 2. c4 {[%clk 1:31:17]} e6
{[%clk 1:30:57]} 3. Nf3 {[%clk 1:31:38]} Bb4+ {[%clk 1:26:49]} 4. Bd2
{[%clk 1:32:01]} Qe7 {[%clk 1:25:54]} 5. g3 {[%clk 1:32:24]} Bxd2+
{[%clk 1:25:45]} 6. Qxd2 {[%clk 1:32:37]} Nc6 {[%clk 1:25:51]} 7. a3
{[%clk 1:30:40]} d5 {[%clk 1:20:45]} 8. Bg2 {[%clk 1:28:23]} dxc4
{[%clk 1:12:30]} 9. Qc3 {[%clk 1:28:40]} e5 {[%clk 1:01:04]} 10. dxe5
{[%clk 1:28:42]} Ng4 {[%clk 0:53:36]} 11. O-O {[%clk 1:28:10]} O-O
{[%clk 0:50:33]} 12. Qxc4 {[%clk 1:28:02]} Ncxe5 {[%clk 0:49:59]} 13. Nxe5
{[%clk 1:16:36]} Nxe5 {[%clk 0:49:44]} 14. Qb4 {[%clk 1:14:42]} Qxb4
{[%clk 0:36:25]} 15. axb4 {[%clk 1:15:04]} c6 {[%clk 0:30:20]} 16. Nc3
{[%clk 1:15:25]} a6 {[%clk 0:24:00]} 17. b5 {[%clk 1:15:07]} cxb5
{[%clk 0:19:53]} 18. Nxb5 {[%clk 1:12:54]} Bh3 {[%clk 0:17:56]} 19. Bxh3
{[%clk 1:06:35]} axb5 {[%clk 0:18:22]} 20. Rxa8 {[%clk 1:01:44]} Rxa8
{[%clk 0:18:51]} 21. Rd1 {[%clk 1:02:05]} Nc4 {[%clk 0:07:43]} 22. Rd5
{[%clk 0:55:39]} Kf8 {[%clk 0:07:57]} 23. b3 {[%clk 0:47:17]} Ra1+
{[%clk 0:07:16]} 24. Kg2 {[%clk 0:47:13]} Na3 {[%clk 0:07:43]} 25. Rd8+
{[%clk 0:46:50]} Ke7 {[%clk 0:08:12]} 26. Rd7+ {[%clk 0:47:06]} Kf8
{[%clk 0:06:10]} 27. Rxb7 {[%clk 0:42:47]} Rb1 {[%clk 0:05:32]} 28. Bf5
{[%clk 0:41:20]} Rxb3 {[%clk 0:05:30]} 29. Be4 {[%clk 0:35:41]} Rb2
{[%clk 0:05:20]} 30. Bd5 {[%clk 0:35:13]} Rxe2 {[%clk 0:02:31]} 31. Rxf7+
{[%clk 0:35:33]} Ke8 {[%clk 0:03:00]} 32. Rxg7 {[%clk 0:35:53]} Re7
{[%clk 0:02:04]} 33. Rg4 {[%clk 0:28:22]} Kd7 {[%clk 0:02:17]} 34. Rh4
{[%clk 0:27:34]} Kd6 {[%clk 0:01:55]} 35. Bg8 {[%clk 0:27:17]} Rg7
{[%clk 0:02:06]} 36. Bxh7 {[%clk 0:21:37]} b4 {[%clk 0:02:33]} 37. Bf5
{[%clk 0:18:17]} Rb7 {[%clk 0:01:28]} 38. Rh6+ {[%clk 0:17:12]} Ke5
{[%clk 0:01:29]} 39. f4+ {[%clk 0:11:10]} Kd4 {[%clk 0:01:58]} 40. Rd6+
{[%clk 0:41:01]} Kc5 {[%clk 0:31:39]} 41. Re6 {[%clk 0:28:41]} b3
{[%clk 0:30:57]} 42. h4 {[%clk 0:28:16]} Nc2 {[%clk 0:07:54]} 43. h5
{[%clk 0:22:38]} Kd4 {[%clk 0:08:10]} 44. Bg6 {[%clk 0:19:57]} 1-0

[Event "World Chess Olympiad 2018"]
[Site "Batumi"]
[Date "2018.09.27"]
[Round "4"]
[Board "1"]
[WhiteFideId "2285525"]
[White "Anton Guijarro David"]
[BlackFideId "927031"]
[Black "Popovic Dusan"]
[Result "1-0"]
[LiveChessVersion "1.4.8"]
[BlackElo "2517"]
[WhiteElo "2639"]

1. d4 {[%clk 1:30:54]} Nf6 {[%clk 1:30:54]} 2. c4 {[%clk 1:31:07]} g6
{[%clk 1:31:19]} 3. Nc3 {[%clk 1:31:17]} Bg7 {[%clk 1:31:43]} 4. e4
{[%clk 1:31:24]} d6 {[%clk 1:32:08]} 5. h3 {[%clk 1:31:18]} O-O {[%clk 1:32:14]}
6. Be3 {[%clk 1:31:30]} e5 {[%clk 1:32:29]} 7. d5 {[%clk 1:31:39]} a5
{[%clk 1:32:42]} 8. g4 {[%clk 1:30:14]} Na6 9. Qd2 {[%clk 1:30:15]} Nc5
{[%clk 1:27:28]} 10. f3 {[%clk 1:30:15]} c6 {[%clk 1:27:06]} 11. Nge2
{[%clk 1:29:01]} cxd5 {[%clk 1:26:41]} 12. cxd5 {[%clk 1:28:56]} Bd7
{[%clk 1:10:37]} 13. Ng3 a4 14. h4 {[%clk 1:22:50]} Bxg4 {[%clk 0:55:23]} 15.
fxg4 {[%clk 1:22:38]} Nxg4 {[%clk 0:55:48]} 16. h5 {[%clk 1:13:59]} Qb6
{[%clk 0:30:52]} 17. h6 {[%clk 1:04:37]} Bf6 {[%clk 0:27:58]} 18. Bg1
{[%clk 1:04:01]} Bd8 {[%clk 0:22:06]} 19. Be2 {[%clk 1:00:52]} Nf6
{[%clk 0:22:31]} 20. Rc1 {[%clk 1:00:14]} a3 {[%clk 0:21:49]} 21. b4
{[%clk 0:40:49]} Qxb4 {[%clk 0:21:26]} 22. Rb1 {[%clk 0:40:54]} Qa5
{[%clk 0:18:22]} 23. Rb5 {[%clk 0:40:27]} Qc7 {[%clk 0:17:11]} 24. Bxc5
{[%clk 0:40:25]} dxc5 {[%clk 0:17:37]} 25. d6 {[%clk 0:39:34]} Qc6
{[%clk 0:18:02]} 26. Bc4 {[%clk 0:35:50]} Ba5 {[%clk 0:17:13]} 27. Rxa5
{[%clk 0:31:18]} Rxa5 {[%clk 0:17:12]} 28. O-O {[%clk 0:31:36]} b5
{[%clk 0:09:13]} 29. Rxf6 {[%clk 0:30:21]} bxc4 {[%clk 0:09:37]} 30. Qg5
{[%clk 0:29:15]} Re8 {[%clk 0:06:23]} 31. Nf5 {[%clk 0:29:20]} 1-0

[Event "World Chess Olympiad 2018"]
[Site "Batumi"]
[Date "2018.09.27"]
[Round "4"]
[Board "2"]
[WhiteFideId "937614"]
[White "Roganovic Milos"]
[BlackFideId "2210622"]
[Black "Perez Candelario Manuel"]
[Result "0-1"]
[LiveChessVersion "1.4.8"]
[BlackElo "2590"]
[WhiteElo "2527"]

1. e4 {[%clk 1:30:57]} e5 {[%clk 1:30:57]} 2. Nf3 {[%clk 1:31:22]} Nc6
{[%clk 1:31:23]} 3. Bc4 {[%clk 1:31:31]} Nf6 {[%clk 1:31:47]} 4. d3
{[%clk 1:31:29]} Be7 {[%clk 1:32:11]} 5. O-O {[%clk 1:30:32]} O-O
{[%clk 1:32:36]} 6. h3 {[%clk 1:26:31]} d6 {[%clk 1:30:03]} 7. a3
{[%clk 1:21:56]} Nd7 {[%clk 1:27:51]} 8. Nc3 {[%clk 1:15:48]} Nb6
{[%clk 1:25:32]} 9. Ba2 {[%clk 1:15:07]} Kh8 {[%clk 1:23:11]} 10. d4
{[%clk 1:11:56]} Nxd4 {[%clk 1:18:33]} 11. Nxd4 {[%clk 1:12:13]} exd4
{[%clk 1:18:59]} 12. Qxd4 {[%clk 1:12:08]} f5 {[%clk 1:07:47]} 13. Nd5
{[%clk 0:54:48]} Nxd5 {[%clk 1:04:15]} 14. exd5 {[%clk 0:54:00]} Bf6
{[%clk 1:03:07]} 15. Qb4 {[%clk 0:52:03]} a5 {[%clk 1:02:09]} 16. Qb3
{[%clk 0:52:13]} Bd4 {[%clk 0:56:57]} 17. Be3 {[%clk 0:46:56]} a4
{[%clk 0:48:36]} 18. Qb4 {[%clk 0:46:18]} Bxe3 {[%clk 0:49:01]} 19. fxe3
{[%clk 0:46:42]} Re8 {[%clk 0:36:20]} 20. Rae1 {[%clk 0:39:41]} Re4
{[%clk 0:35:15]} 21. Qc3 {[%clk 0:39:43]} Bd7 {[%clk 0:32:40]} 22. Rf4
{[%clk 0:32:09]} Re5 {[%clk 0:31:50]} 23. e4 {[%clk 0:25:33]} Qe7
{[%clk 0:31:55]} 24. Qxc7 {[%clk 0:20:18]} b5 {[%clk 0:26:55]} 25. c3
{[%clk 0:15:47]} g5 {[%clk 0:19:43]} 26. Rff1 {[%clk 0:12:51]} Rg8
{[%clk 0:17:17]} 27. Qa7 {[%clk 0:11:00]} g4 {[%clk 0:16:11]} 28. hxg4
{[%clk 0:07:19]} Rxg4 {[%clk 0:16:15]} 29. Bb1 {[%clk 0:05:01]} f4
{[%clk 0:15:54]} 30. Rf2 {[%clk 0:04:01]} Reg5 {[%clk 0:07:32]} 31. Qd4+
{[%clk 0:01:39]} Kg8 {[%clk 0:07:54]} 32. Kf1 {[%clk 0:00:34]} Rxg2
{[%clk 0:07:27]} 33. Ke2 {[%clk 0:00:39]} R5g3 {[%clk 0:06:24]} 34. Ref1
{[%clk 0:00:58]} Qg5 {[%clk 0:04:55]} 35. Kd2 {[%clk 0:01:06]} Rf3
{[%clk 0:04:04]} 36. Kc1 {[%clk 0:00:31]} Rgxf2 {[%clk 0:04:05]} 0-1

[Event "World Chess Olympiad 2018"]
[Site "Batumi"]
[Date "2018.09.27"]
[Round "4"]
[Board "3"]
[WhiteFideId "2212943"]
[White "Lopez Martinez Josep Manuel"]
[BlackFideId "912336"]
[Black "Zajic Milan"]
[Result "1-0"]
[LiveChessVersion "1.4.8"]
[BlackElo "2497"]
[WhiteElo "2581"]

1. d4 {[%clk 1:30:44]} Nf6 {[%clk 1:30:57]} 2. c4 {[%clk 1:31:04]} e6
{[%clk 1:31:26]} 3. Nf3 {[%clk 1:31:23]} d5 {[%clk 1:31:52]} 4. Nc3
{[%clk 1:31:35]} Bb4 {[%clk 1:32:20]} 5. cxd5 {[%clk 1:31:29]} exd5
{[%clk 1:32:43]} 6. Bf4 {[%clk 1:31:35]} O-O {[%clk 1:23:04]} 7. Rc1
{[%clk 1:31:10]} c5 {[%clk 1:18:11]} 8. dxc5 {[%clk 1:17:28]} Bxc5
{[%clk 1:00:38]} 9. a3 {[%clk 0:56:49]} Bg4 {[%clk 0:51:40]} 10. e3
{[%clk 0:47:35]} Nc6 {[%clk 0:22:18]} 11. Be2 {[%clk 0:47:12]} Qd7
{[%clk 0:21:41]} 12. O-O {[%clk 0:45:32]} Bd6 {[%clk 0:20:49]} 13. Bxd6
{[%clk 0:40:07]} Qxd6 {[%clk 0:21:17]} 14. Qb3 {[%clk 0:34:04]} Rab8
{[%clk 0:19:37]} 15. Rfd1 {[%clk 0:33:56]} Rfd8 {[%clk 0:19:40]} 16. Qa4
{[%clk 0:32:46]} Bh5 {[%clk 0:16:25]} 17. h3 {[%clk 0:30:28]} Bg6
{[%clk 0:15:58]} 18. Nd4 {[%clk 0:21:37]} Ne4 {[%clk 0:13:02]} 19. Nxe4
{[%clk 0:18:27]} Bxe4 {[%clk 0:13:21]} 20. Nxc6 {[%clk 0:16:43]} bxc6
{[%clk 0:13:49]} 21. Rxc6 {[%clk 0:16:20]} Qd7 {[%clk 0:12:54]} 22. Rd2
{[%clk 0:13:59]} Qe7 {[%clk 0:08:46]} 23. Qd4 {[%clk 0:11:23]} h6
{[%clk 0:09:04]} 24. Bd3 {[%clk 0:09:05]} Qg5 {[%clk 0:08:32]} 25. Bxe4
{[%clk 0:08:51]} dxe4 {[%clk 0:09:00]} 26. Rd6 {[%clk 0:09:08]} Rxd6
{[%clk 0:08:46]} 27. Qxd6 {[%clk 0:09:35]} Rc8 {[%clk 0:09:06]} 28. Kh2
{[%clk 0:08:59]} Qf5 {[%clk 0:08:13]} 29. Qd5 {[%clk 0:06:08]} Qxd5
{[%clk 0:06:30]} 30. Rxd5 {[%clk 0:06:32]} Rc2 {[%clk 0:06:57]} 31. b4
{[%clk 0:06:36]} Rxf2 {[%clk 0:07:20]} 32. Ra5 {[%clk 0:05:55]} Re2
{[%clk 0:07:31]} 33. Rxa7 {[%clk 0:05:46]} Rxe3 {[%clk 0:07:47]} 34. b5
{[%clk 0:04:08]} Rb3 {[%clk 0:07:46]} 35. a4 {[%clk 0:04:19]} f5 {[%clk 0:06:04]}
36. g3 {[%clk 0:02:39]} Rb2+ {[%clk 0:03:00]} 37. Kg1 {[%clk 0:03:04]} e3
{[%clk 0:02:29]} 38. Kf1 {[%clk 0:03:27]} g5 {[%clk 0:01:15]} 39. Re7
{[%clk 0:03:35]} f4 {[%clk 0:00:32]} 40. gxf4 {[%clk 0:33:42]} gxf4
{[%clk 0:30:44]} 41. Re4 {[%clk 0:33:20]} Rf2+ {[%clk 0:14:09]} 42. Ke1
{[%clk 0:33:22]} Kg7 {[%clk 0:14:01]} 43. b6 {[%clk 0:32:49]} Kg6
{[%clk 0:13:35]} 44. Re5 {[%clk 0:19:30]} Ra2 {[%clk 0:01:55]} 45. b7
{[%clk 0:19:16]} f3 {[%clk 0:00:32]} 46. Rxe3 {[%clk 0:19:40]} Rb2
{[%clk 0:00:48]} 47. Re7 {[%clk 0:20:00]} Kf6 {[%clk 0:01:01]} 48. Rh7
{[%clk 0:20:01]} Ke5 {[%clk 0:01:24]} 49. a5 {[%clk 0:18:58]} Kf4
{[%clk 0:01:34]} 50. a6 {[%clk 0:18:57]} Rb1+ {[%clk 0:01:48]} 51. Kd2
{[%clk 0:19:09]} f2 {[%clk 0:02:13]} 52. a7 {[%clk 0:14:01]} Rd1+
{[%clk 0:02:06]} 53. Kc3 {[%clk 0:14:15]} Rc1+ {[%clk 0:02:08]} 54. Kd4
{[%clk 0:14:29]} Rd1+ {[%clk 0:02:13]} 55. Kc5 {[%clk 0:14:33]} Rc1+
{[%clk 0:02:37]} 56. Kd6 {[%clk 0:13:43]} Rd1+ {[%clk 0:02:56]} 57. Ke7
{[%clk 0:12:39]} Re1+ {[%clk 0:03:10]} 58. Kf8 {[%clk 0:12:26]} 1-0